2023年度 名大合格者数20人以上の高校 - Statistics

General Stats
  • This quiz has been taken 251 times
  • The average score is 14 of 24
Answer Stats
Hint Answer % Correct
4 愛知県 74 岡崎
92%
2 愛知県 78 一宮
89%
5 愛知県 66 東海
88%
7 岐阜県 51 岐阜
86%
10 愛知県 40 旭丘
82%
16 三重県 31 四日市
81%
1 愛知県 80 刈谷
79%
18 三重県 24
70%
8 愛知県 43
68%
5 愛知県 66 明和
66%
11 静岡県 39 浜松北
65%
13 愛知県 35 時習館
62%
8 愛知県 43 菊里
53%
20 岐阜県 22 大垣北
50%
2 愛知県 78 名古屋市立向陽
49%
14 愛知県 34 豊田西
49%
19 愛知県 23 南山
49%
15 愛知県 32 半田
47%
20 岐阜県 22 岐阜北
44%
12 愛知県 37 瑞陵
38%
20 愛知県 22 西尾
35%
17 愛知県 29 一宮西
34%
24 愛知県 20 西春
32%
20 愛知県 22 刈谷北
28%
No matching quizzes found
Score Distribution
Percent of People with Each Score
Percentile by Number Answered
Your Score History
You have not taken this quiz